[Event "Voronezh op-B 19th"]
[Site "Voronezh"]
[Date "2015.06.18"]
[Round "6"]
[White "Gaboshvili, Georgii"]
[Black "Matveenko, Yury"]
[Result "0-1"]
[WhiteElo "1857"]
[BlackElo "2069"]
[PlyCount "122"]
[EventDate "2015.06.12"]
[EventType "swiss"]
[EventRounds "9"]
[EventCountry "RUS"]
[SourceTitle "CBM 167 Extra"]
[Source "ChessBase"]
[SourceDate "2015.09.14"]
[SourceVersion "1"]
[SourceVersionDate "2015.09.14"]
[SourceQuality "1"]

1. e4 c6 2. d4 d5 3. exd5 cxd5 4. Bd3 Nc6 5. c3 Nf6 6. h3 g6 7. Nf3 Bg7 8. 0-0 0-0 9. Re1 Nh5 10. Nbd2 f6 11. c4 Nf4 12. Bf1 Bf5 13. Qb3 Qb6 14. cxd5 Qxb3 15. Nxb3 Nxd5 16. Bc4 Rfd8 17. Nc5 Na5 18. Bxd5+ Rxd5 19. Rxe7 Bf8 20. Re1 b6 21. Ne4 Kf7 22. Nc3 Rd7 23. g4 Bd3 24. g5 Bf5 25. gxf6 Kxf6 26. Bg5+ Kg7 27. h4 Nc4 28. Ne4 Nxb2 29. Bf6+ Kg8 30. Be5 Bxe4 31. Rxe4 h6 32. Rc1 Rf7 33. Kg2 Nd3 34. Rc6 Kh7 35. Rg4 Re8 36. Bg3 Rg7 37. Be5 Nb4 38. Bxg7 Nxc6 39. Bxf8 Rxf8 40. Ne5 Rf6 41. Nxc6 Rxc6 42. Re4 Rc7 43. a4 Kg7 44. Re5 Kf6 45. a5 Rb7 46. axb6 axb6 47. Rb5 Ke6 48. f4 Kd6 49. h5 Kc6 50. Re5 gxh5 51. Rxh5 b5 52. Rxh6+ Kd5 53. f5 b4 54. f6 b3 55. Rh1 Kxd4 56. Rf1 b2 57. Rb1 Kc3 58. Kg3 Rf7 59. Re1 Rxf6 60. Rh1 Rd6 61. Kf3 Kc2 0-1

[Event "Voronezh op-B 19th"]
[Site "Voronezh"]
[Date "2015.06.16"]
[Round "5"]
[White "Matveenko, Yury"]
[Black "Chernov, Vladimir S"]
[Result "1/2-1/2"]
[WhiteElo "2069"]
[BlackElo "1858"]
[PlyCount "85"]
[EventDate "2015.06.12"]
[EventType "swiss"]
[EventRounds "9"]
[EventCountry "RUS"]
[SourceTitle "CBM 167 Extra"]
[Source "ChessBase"]
[SourceDate "2015.09.14"]
[SourceVersion "1"]
[SourceVersionDate "2015.09.14"]
[SourceQuality "1"]

1. Nf3 d5 2. d4 Nf6 3. e3 Bf5 4. Bd3 Bg6 5. Ne5 e6 6. Nd2 Bxd3 7. Nxd3 Bd6 8. c4 0-0 9. Qb3 b6 10. 0-0 c5 11. Nf3 Nc6 12. Qa4 Qc7 13. h3 Rac8 14. b3 Rfd8 15. Bb2 cxd4 16. cxd5 Nxd5 17. Nxd4 Nxd4 18. Qxd4 Nf6 19. Rac1 Qb8 20. Rxc8 Qxc8 21. Qh4 Be7 22. Rc1 Qa6 23. Nb4 Qe2 24. Nc6 Qxb2 25. Nxe7+ Kf8 26. Rc7 Qe5 27. Qf4 Qxf4 28. exf4 a5 29. Nc6 Rd1+ 30. Kh2 Ne8 31. Rb7 Rd2 32. Kg3 Rxa2 33. Ne5 Ra3 34. Rxb6 a4 35. Nd7+ Ke7 36. Nc5 axb3 37. Nxb3 Nd6 38. f3 Nf5+ 39. Kh2 Ra2 40. Nc1 Rc2 41. Nd3 Ne3 42. Rb2 Rxb2 43. Nxb2 1/2-1/2

[Event "Voronezh op-B 19th"]
[Site "Voronezh"]
[Date "2015.06.14"]
[Round "3"]
[White "Matveenko, Yury"]
[Black "Filippov, Vladimir Mikhailovi"]
[Result "1-0"]
[WhiteElo "2069"]
[BlackElo "1893"]
[PlyCount "89"]
[EventDate "2015.06.12"]
[EventType "swiss"]
[EventRounds "9"]
[EventCountry "RUS"]
[SourceTitle "CBM 167 Extra"]
[Source "ChessBase"]
[SourceDate "2015.09.14"]
[SourceVersion "1"]
[SourceVersionDate "2015.09.14"]
[SourceQuality "1"]

1. c4 Nf6 2. Nc3 d6 3. g3 e5 4. Bg2 c6 5. d4 Be7 6. Nf3 Nbd7 7. Nh4 g6 8. 0-0 0-0 9. Bh6 Re8 10. h3 Bf8 11. Be3 Bg7 12. Qd2 Qe7 13. Rad1 Nf8 14. b4 Ne6 15. dxe5 dxe5 16. a3 Rd8 17. Qc1 Nd4 18. Bg5 Be6 19. c5 Bc4 20. Rfe1 a5 21. Nf3 axb4 22. axb4 Bb3 23. Rd2 h6 24. Bxf6 Bxf6 25. Ne4 Bg7 26. e3 Nxf3+ 27. Bxf3 Bd5 28. Red1 f5 29. Rxd5 Rxd5 30. Rxd5 cxd5 31. Nd6 e4 32. Bd1 Kh7 33. Kg2 d4 34. exd4 Bxd4 35. Qc4 Bg7 36. h4 h5 37. Qd5 Rd8 38. Bb3 b6 39. Nxf5 gxf5 40. Qxf5+ Kh6 41. Bf7 Qxf7 42. Qxf7 bxc5 43. bxc5 Bd4 44. g4 hxg4 45. h5 1-0

[Event "Voronezh op-B 18th"]
[Site "Voronezh"]
[Date "2014.06.15"]
[Round "4"]
[White "Malin, Alexey"]
[Black "Matveenko, Yury"]
[Result "1/2-1/2"]
[WhiteElo "1868"]
[BlackElo "2062"]
[PlyCount "83"]
[EventDate "2014.06.12"]
[EventType "swiss"]
[EventRounds "9"]
[EventCountry "RUS"]
[SourceTitle "EXT 2015"]
[Source "ChessBase"]
[SourceDate "2014.11.20"]
[SourceVersion "1"]
[SourceVersionDate "2014.11.20"]
[SourceQuality "1"]

1. e4 c6 2. d4 d5 3. f3 e6 4. Be3 dxe4 5. Nd2 exf3 6. Ngxf3 Nf6 7. Nc4 Nbd7 8. Bd3 c5 9. 0-0 b5 10. Nce5 c4 11. Be2 Bb7 12. Nxd7 Nxd7 13. a4 a6 14. axb5 axb5 15. Ng5 Nf6 16. Rxa8 Qxa8 17. Bh5 Nxh5 18. Qxh5 g6 19. Qh3 f5 20. Nxe6 Qc8 21. Nxf8 Kxf8 22. Bf4 h5 23. Be5 Rg8 24. Qe3 Qc6 25. Qh6+ Ke8 26. Rf2 Qe6 27. Qg5 Kd7 28. Qh6 Re8 29. h3 Be4 30. Qh7+ Re7 31. Qh8 Qb6 32. Bf6 Rf7 33. Be5 b4 34. Qh6 b3 35. c3 Qe6 36. Qh8 Qe8 37. Qh6 Qg8 38. h4 Re7 39. Qg5 Re6 40. Kh2 Qd8 41. Qf4 Ra6 42. Kg3 1/2-1/2

[Event "Voronezh Region-ch Seniors"]
[Site "Voronezh"]
[Date "2013.11.23"]
[Round "8"]
[White "Matveenko, Yury"]
[Black "Filippov, Vladimir Mikhailovi"]
[Result "1-0"]
[WhiteElo "2042"]
[BlackElo "1989"]
[PlyCount "89"]
[EventDate "2013.11.15"]
[EventType "swiss"]
[EventRounds "9"]
[EventCountry "RUS"]
[SourceTitle "EXT 2015"]
[Source "ChessBase"]
[SourceDate "2014.11.20"]
[SourceVersion "1"]
[SourceVersionDate "2014.11.20"]
[SourceQuality "1"]

1. Nf3 g6 2. g3 Bg7 3. Bg2 c5 4. d4 cxd4 5. Nxd4 Nc6 6. Nxc6 bxc6 7. c3 Nf6 8. 0-0 0-0 9. Nd2 Qc7 10. Nc4 a5 11. Qa4 Bb7 12. e4 Ba6 13. Bf4 Qd8 14. Rfd1 Bb5 15. Qb3 a4 16. Qb4 Re8 17. Na3 Be2 18. Rd2 Bg4 19. e5 Nd5 20. Bxd5 cxd5 21. Rxd5 Be6 22. Rd2 h6 23. h4 Qc8 24. Qe4 Bf5 25. Qe2 h5 26. Nb5 Be6 27. Nd4 Bc4 28. Qe1 Qb7 29. b3 axb3 30. axb3 Rxa1 31. Qxa1 Bd5 32. Kh2 Ra8 33. Qd1 Ra3 34. c4 Bc6 35. Nxc6 Qxc6 36. Rxd7 e6 37. Rd3 Kh7 38. Qf3 Qc7 39. Qe4 Ra2 40. Qf3 Kg8 41. Kg2 Qb6 42. Bg5 Rb2 43. Qe3 Qc7 44. Bf6 Bf8 45. Qd4 1-0

[Event "Voronezh op-B 17th"]
[Site "Voronezh"]
[Date "2013.06.17"]
[Round "6"]
[White "Zenkina, Marina"]
[Black "Matveenko, Yury"]
[Result "1-0"]
[WhiteElo "1856"]
[BlackElo "2042"]
[PlyCount "81"]
[EventDate "2013.06.12"]
[EventType "swiss"]
[EventRounds "9"]
[EventCountry "RUS"]
[SourceTitle "EXT 2014"]
[Source "ChessBase"]
[SourceDate "2013.11.20"]
[SourceVersion "1"]
[SourceVersionDate "2013.11.20"]
[SourceQuality "1"]

1. e4 e5 2. f4 exf4 3. Nf3 g5 4. h4 g4 5. Ne5 d6 6. Nxg4 Nf6 7. Nxf6+ Qxf6 8. Nc3 Nc6 9. Nd5 Qg6 10. Qf3 Nd4 11. Qd3 Ne6 12. h5 Qg5 13. Qb5+ Kd8 14. Qc4 c6 15. Nb4 a5 16. Nd3 Bg7 17. Nf2 d5 18. Qb3 Kc7 19. exd5 Nd4 20. d6+ Kd8 21. Qb6+ Ke8 22. Bd3 Qe5+ 23. Kd1 Qxd6 24. Re1+ Kf8 25. c3 Ne6 26. Bc4 Bf6 27. Ne4 Qe5 28. Nxf6 Qxf6 29. b3 Rg8 30. Ba3+ Kg7 31. Bd6 Qf5 32. Re5 Qg4+ 33. Kc2 Kh6 34. Re4 a4 35. b4 Qf5 36. Bd3 Rg3 37. Rxe6+ Qxe6 38. Bxf4+ Rg5 39. Qd8 Qd5 40. Qf6+ Kxh5 41. Rh1+ 1-0

[Event "Voronezh Region Senior -ch op"]
[Site "Voronezh"]
[Date "2012.11.28"]
[Round "8.3"]
[White "Grishchenko, Vladimir"]
[Black "Matveenko, Yury"]
[Result "1/2-1/2"]
[WhiteElo "2022"]
[BlackElo "2062"]
[PlyCount "88"]
[EventDate "2012.11.20"]
[EventType "swiss"]
[EventRounds "8"]
[EventCountry "RUS"]
[SourceTitle "EXT 2022"]
[Source "ChessBase"]
[SourceDate "2021.10.06"]
[SourceVersion "1"]
[SourceVersionDate "2021.10.06"]
[SourceQuality "1"]

1. Nf3 Nf6 2. d3 d5 3. Nbd2 Nc6 4. g3 e5 5. e4 Bg4 6. h3 Bh5 7. Bg2 Bb4 8. c3 dxe4 9. dxe4 Bc5 10. 0-0 h6 11. Qa4 0-0 12. Nh4 Be2 13. Re1 Bd3 14. Nf5 Ne7 15. Nxe7+ Qxe7 16. b4 Bb6 17. Nf1 Rfd8 18. g4 h5 19. g5 Ne8 20. Qb3 g6 21. a4 a5 22. b5 Nd6 23. h4 Nc4 24. Ne3 Bxe3 25. Bxe3 Nxe3 26. Rxe3 Qc5 27. Bf1 Bxf1 28. Rxf1 Rd7 29. Rd1 Rad8 30. Rxd7 Rxd7 31. Rf3 Qd6 32. Kg2 Qe7 33. Rf6 Rd6 34. Qa3 Kf8 35. Rxd6 Qxd6 36. Qxd6+ cxd6 37. f4 exf4 38. Kf3 Ke7 39. Kxf4 Ke6 40. c4 b6 41. Kf3 Ke7 42. Ke3 Kd7 43. Kf4 Ke6 44. Kf3 Ke7 1/2-1/2

[Event "Voronezh Region Senior -ch op"]
[Site "Voronezh"]
[Date "2012.11.22"]
[Round "3.2"]
[White "Matveenko, Yury"]
[Black "Chermashentsev, Victor"]
[Result "1-0"]
[WhiteElo "2062"]
[BlackElo "1766"]
[PlyCount "29"]
[EventDate "2012.11.20"]
[EventType "swiss"]
[EventRounds "8"]
[EventCountry "RUS"]
[SourceTitle "EXT 2022"]
[Source "ChessBase"]
[SourceDate "2021.10.06"]
[SourceVersion "1"]
[SourceVersionDate "2021.10.06"]
[SourceQuality "1"]

1. e4 e5 2. Nf3 Nc6 3. d4 exd4 4. Nxd4 d6 5. Nxc6 bxc6 6. Bc4 Be6 7. Bxe6 fxe6 8. Qh5+ g6 9. Qh3 Kf7 10. 0-0 Bg7 11. f4 Ne7 12. f5 exf5 13. exf5 h5 14. fxg6+ Kxg6 15. Qd3+ 1-0

[Event "Voronezh-ch Seniors"]
[Site "Voronezh"]
[Date "2011.11.01"]
[Round "7.2"]
[White "Matveenko, Yury"]
[Black "Filippov, Vladimir Mikhailovi"]
[Result "1/2-1/2"]
[WhiteElo "2135"]
[BlackElo "2027"]
[PlyCount "98"]
[EventDate "2011.10.25"]
[EventType "swiss"]
[EventRounds "8"]
[EventCountry "RUS"]
[SourceTitle "EXT 2022"]
[Source "ChessBase"]
[SourceDate "2021.10.06"]
[SourceVersion "1"]
[SourceVersionDate "2021.10.06"]
[SourceQuality "1"]

1. Nf3 d5 2. g3 Nf6 3. Bg2 Bf5 4. c4 c6 5. cxd5 Nxd5 6. d3 Bg6 7. 0-0 h6 8. Nc3 e6 9. Qb3 Qb6 10. Qa4 Nd7 11. d4 Qb4 12. Qxb4 Bxb4 13. Bd2 0-0 14. e4 Nxc3 15. bxc3 Ba5 16. Nh4 Bh5 17. f4 Nb6 18. Rf2 Nc4 19. Be1 Ne3 20. Bf3 Bxf3 21. Nxf3 Nc4 22. Rb1 Bb6 23. Re2 Rab8 24. Kg2 Ba5 25. Rb3 Rfd8 26. g4 Bc7 27. Bg3 b5 28. f5 Bxg3 29. Kxg3 a5 30. Kf4 a4 31. Rb4 Kf8 32. fxe6 fxe6 33. Ne5 g5+ 34. Kf3 Nxe5+ 35. dxe5 Rd3+ 36. Re3 Rd2 37. Re2 Rd3+ 38. Re3 Rd2 39. Re2 Rxe2 40. Kxe2 c5 41. Rb1 b4 42. Kd3 b3 43. axb3 Rxb3 44. Ra1 Rb2 45. Rxa4 Rxh2 46. Kc4 Rh3 47. Kxc5 Rxc3+ 48. Kd6 Rg3 49. Kxe6 Rxg4 1/2-1/2

[Event "RUS-ch Seniors"]
[Site "Odintsovo"]
[Date "2011.04.26"]
[Round "8"]
[White "Matveenko, Yury"]
[Black "Skoriak, Ivan"]
[Result "1/2-1/2"]
[WhiteElo "2151"]
[BlackElo "1950"]
[PlyCount "122"]
[EventDate "2011.04.19"]
[EventType "swiss"]
[EventRounds "9"]
[EventCountry "RUS"]
[SourceTitle "CBM 142 Extra"]
[Source "ChessBase"]
[SourceDate "2011.06.27"]
[SourceVersion "1"]
[SourceVersionDate "2011.06.27"]
[SourceQuality "1"]

1. b4 Nf6 2. Bb2 e6 3. b5 a6 4. a4 axb5 5. axb5 Rxa1 6. Bxa1 d5 7. e3 Be7 8. f4 c5 9. Nf3 0-0 10. Be2 Ne4 11. 0-0 Nd7 12. d3 Nd6 13. c4 Nf5 14. Qc1 Bf6 15. Bxf6 Qxf6 16. g4 Nh4 17. g5 Nxf3+ 18. Bxf3 Qg6 19. cxd5 exd5 20. Bxd5 Qxd3 21. Bc4 Qe4 22. Re1 b6 23. Nd2 Qf5 24. Nf1 Re8 25. Ng3 Qg4 26. Be2 Qh3 27. Bf3 Nf8 28. Qc3 Ng6 29. Bc6 Rd8 30. Bg2 Qg4 31. Rf1 Nh4 32. Be4 Rd6 33. Qc2 h6 34. gxh6 gxh6 35. Kh1 Qh3 36. Rg1 Kf8 37. Qc3 Qe6 38. Qh8+ Ke7 39. f5 Qd7 40. Qe5+ Kd8 41. Nh5 Rd1 42. Qf6+ Kc7 43. Qxh4 Rxg1+ 44. Kxg1 Qd1+ 45. Kf2 Qd2+ 46. Kf3 Qd1+ 47. Kf4 Qf1+ 48. Bf3 Qxb5 49. Kg3 Qd7 50. Qf4+ Qd6 51. Nf6 Qxf4+ 52. Kxf4 b5 53. Bd5 Kd6 54. Bxf7 Ke7 55. Be8 Kxf6 56. e4 b4 57. e5+ Ke7 58. Bb5 b3 59. f6+ Kf7 60. Ba4 b2 61. Bc2 Be6 1/2-1/2

[Event "RUS-ch Seniors"]
[Site "Odintsovo"]
[Date "2011.04.25"]
[Round "7"]
[White "Matveenko, Yury"]
[Black "Karpov, Vladimir"]
[Result "0-1"]
[WhiteElo "2151"]
[BlackElo "2311"]
[PlyCount "52"]
[EventDate "2011.04.19"]
[EventType "swiss"]
[EventRounds "9"]
[EventCountry "RUS"]
[SourceTitle "CBM 142 Extra"]
[Source "ChessBase"]
[SourceDate "2011.06.27"]
[SourceVersion "1"]
[SourceVersionDate "2011.06.27"]
[SourceQuality "1"]

1. d4 Nf6 2. c4 g6 3. Nc3 Bg7 4. e4 d6 5. Nf3 0-0 6. Be2 e5 7. dxe5 dxe5 8. Bg5 Qxd1+ 9. Rxd1 Na6 10. 0-0 Re8 11. a3 Nc5 12. Nd2 Ne6 13. Be3 c6 14. c5 Nd4 15. f3 Nd7 16. Bxd4 exd4 17. Na4 b5 18. cxb6 axb6 19. b3 d3 20. Bxd3 b5 21. Nc4 bxa4 22. Nd6 Rf8 23. Nxc8 Rfxc8 24. bxa4 Nc5 25. Bc2 Nxa4 26. Rd7 Nc5 0-1

[Event "RUS-ch Seniors"]
[Site "Odintsovo"]
[Date "2011.04.21"]
[Round "3"]
[White "Kachar, Vladimir"]
[Black "Matveenko, Yury"]
[Result "1-0"]
[WhiteElo "2288"]
[BlackElo "2151"]
[PlyCount "77"]
[EventDate "2011.04.19"]
[EventType "swiss"]
[EventRounds "9"]
[EventCountry "RUS"]
[SourceTitle "CBM 142 Extra"]
[Source "ChessBase"]
[SourceDate "2011.06.27"]
[SourceVersion "1"]
[SourceVersionDate "2011.06.27"]
[SourceQuality "1"]

1. d4 d6 2. e4 Nf6 3. Nc3 Nc6 4. d5 Nb8 5. Bg5 e5 6. dxe6 Bxe6 7. Nf3 Be7 8. Nd4 Bd7 9. Qd2 Nc6 10. 0-0-0 h6 11. Bf4 a6 12. f3 Nh5 13. Be3 Nxd4 14. Qxd4 Bg5 15. g4 Bxe3+ 16. Qxe3 Nf6 17. h3 Bc6 18. Bc4 Qe7 19. Rhe1 Nd7 20. f4 Nb6 21. Bb3 0-0-0 22. a4 a5 23. Qd4 Qf6 24. Qxf6 gxf6 25. Bxf7 Nxa4 26. Nxa4 Bxa4 27. Rd5 b6 28. Rf5 Rdf8 29. Rxf6 Kd8 30. e5 dxe5 31. fxe5 Ke7 32. Ref1 Bd7 33. Bd5 Be8 34. h4 c6 35. Re6+ Kd7 36. Rxf8 Rxf8 37. Rxc6 Rf4 38. Rxh6 Kc7 39. g5 1-0

[Event "Voronezh Region-ch"]
[Site "Voronezh"]
[Date "2010.12.12"]
[Round "6"]
[White "Kostin, Alexey"]
[Black "Matveenko, Yury"]
[Result "0-1"]
[WhiteElo "2381"]
[BlackElo "2139"]
[PlyCount "140"]
[EventDate "2010.12.07"]
[EventType "swiss"]
[EventRounds "9"]
[EventCountry "RUS"]
[SourceTitle "EXT 2013"]
[Source "ChessBase"]
[SourceDate "2012.11.22"]
[SourceVersion "1"]
[SourceVersionDate "2012.11.22"]
[SourceQuality "1"]

1. e4 e5 2. Nf3 Nf6 3. Nxe5 d6 4. Nxf7 Kxf7 5. d4 Bg4 6. Qd3 Be7 7. f4 d5 8. e5 Ne4 9. Qb3 Bc8 10. Bd3 Ke8 11. Nd2 Nxd2 12. Bxd2 c6 13. c3 g6 14. 0-0 Rf8 15. f5 gxf5 16. Qd1 Be6 17. Qh5+ Kd7 18. Bh6 Qe8 19. Qh3 Rf7 20. Rxf5 Rxf5 21. Bxf5 Qf7 22. Rf1 Bxf5 23. Rxf5 Qe6 24. Be3 h6 25. Rh5 Qxh3 26. Rxh3 Na6 27. Rxh6 Nc7 28. Rh7 Ne6 29. h4 Rg8 30. h5 Nf8 31. Rf7 Ke6 32. Rf3 Nh7 33. Kh2 Ng5 34. Bxg5 Bxg5 35. Kh3 Rg7 36. g4 Rf7 37. Kg3 a5 38. a4 b5 39. b3 Bd2 40. Rd3 Bg5 41. Rd1 Rb7 42. Rh1 Rh7 43. Ra1 Rb7 44. Rh1 Bd2 45. Kh4 b4 46. cxb4 Rxb4 47. Rf1 Rxd4 48. h6 Bf4 49. Kh5 Bxe5 50. g5 Rf4 51. Re1 Re4 52. Rf1 Re2 53. Kg6 d4 54. h7 d3 55. Rf8 Rh2 56. Re8+ Kd5 57. Kf5 Bd4 58. Rd8+ Kc5 59. Ke4 d2 60. Rxd4 Rh4+ 61. Ke3 Rxd4 62. h8Q d1Q 63. Qe5+ Rd5 64. Qe7+ Rd6 65. Kf4 Kb6 66. Kf5 Qd3+ 67. Kg4 Qd1+ 68. Kf5 Qf3+ 69. Ke5 Rd5+ 70. Ke6 Qe4+ 0-1

[Event "Voronezh Region-ch"]
[Site "Voronezh"]
[Date "2010.12.11"]
[Round "5"]
[White "Matveenko, Yury"]
[Black "Chekhov, Sergey"]
[Result "1/2-1/2"]
[WhiteElo "2139"]
[BlackElo "2313"]
[PlyCount "52"]
[EventDate "2010.12.07"]
[EventType "swiss"]
[EventRounds "9"]
[EventCountry "RUS"]
[SourceTitle "EXT 2013"]
[Source "ChessBase"]
[SourceDate "2012.11.22"]
[SourceVersion "1"]
[SourceVersionDate "2012.11.22"]
[SourceQuality "1"]

1. d4 Nf6 2. Nf3 d6 3. c4 g6 4. Nc3 Bg7 5. Bg5 c6 6. e3 0-0 7. Be2 a6 8. 0-0 b5 9. Nd2 Nbd7 10. Bf3 Qb6 11. a4 b4 12. a5 Qc7 13. Na4 Qxa5 14. Bxf6 Nxf6 15. Bxc6 Rb8 16. b3 Qc7 17. Bf3 Nd7 18. Rc1 e6 19. Ne4 Nb6 20. Nxb6 Rxb6 21. c5 dxc5 22. Nxc5 Qb8 23. Qe2 Rd8 24. Na4 Rbd6 25. Nc5 h6 26. Qc2 Kh7 1/2-1/2

[Event "Voronezh Region-ch"]
[Site "Voronezh"]
[Date "2010.12.08"]
[Round "2"]
[White "Matveenko, Yury"]
[Black "Korotchenkov, Viktor"]
[Result "1-0"]
[WhiteElo "2139"]
[BlackElo "1641"]
[PlyCount "61"]
[EventDate "2010.12.07"]
[EventType "swiss"]
[EventRounds "9"]
[EventCountry "RUS"]
[SourceTitle "EXT 2013"]
[Source "ChessBase"]
[SourceDate "2012.11.22"]
[SourceVersion "1"]
[SourceVersionDate "2012.11.22"]
[SourceQuality "1"]

1. b4 e6 2. Bb2 b6 3. b5 Bb7 4. Nf3 Nf6 5. e3 a6 6. c4 d5 7. Nc3 Be7 8. Be2 0-0 9. 0-0 Qd6 10. d4 Qb4 11. Qb3 dxc4 12. Bxc4 Bxf3 13. gxf3 c6 14. a4 Nd5 15. bxc6 Nxc3 16. Bxc3 Qxb3 17. Bxb3 Nxc6 18. d5 Nd8 19. Bd4 Bc5 20. Bxc5 bxc5 21. Rfc1 Rc8 22. a5 Re8 23. Bc4 exd5 24. Bxd5 Re5 25. e4 Re7 26. Rc4 Ne6 27. Rb1 g6 28. Rb6 Nd4 29. Kg2 Ra7 30. f4 Nb3 31. Rxb3 1-0

[Event "Voronezh op-B 14th"]
[Site "Voronezh"]
[Date "2010.06.21"]
[Round "9"]
[White "Matveenko, Yury"]
[Black "Manukovsky, Vladimir"]
[Result "0-1"]
[WhiteElo "2144"]
[BlackElo "2259"]
[PlyCount "106"]
[EventDate "2010.06.12"]
[EventType "swiss"]
[EventRounds "9"]
[EventCountry "RUS"]
[SourceTitle "CBM 137 Extra"]
[Source "ChessBase"]
[SourceDate "2010.09.01"]
[SourceVersion "1"]
[SourceVersionDate "2010.09.01"]
[SourceQuality "1"]

1. Nf3 c5 2. g3 d5 3. Bg2 f6 4. d4 Nc6 5. c3 e5 6. dxe5 fxe5 7. Ng5 Nf6 8. c4 d4 9. 0-0 h6 10. Ne4 Be6 11. Nbd2 Qd7 12. b3 Be7 13. Ba3 b6 14. Qc2 0-0 15. Nxf6+ Rxf6 16. Ne4 Rf7 17. Rad1 Raf8 18. Nc3 Bd6 19. Nd5 Bh3 20. Bxh3 Qxh3 21. Qe4 Ne7 22. Bc1 Qf5 23. f3 Nxd5 24. Qxd5 Bc7 25. Kg2 Qc2 26. Rd2 Qg6 27. Rdd1 Kh8 28. Qe4 Kh7 29. h4 Rf5 30. g4 h5 31. Bg5 hxg4 32. Qxg4 Bd8 33. Rh1 Bf6 34. Rdg1 Kg8 35. Kf1 Bxg5 36. hxg5 e4 37. Rh3 d3 38. exd3 exd3 39. Rgh1 Qe6 40. Rh8+ Kf7 41. Rxf8+ Kxf8 42. Rh2 g6 43. Rf2 Qe3 44. f4 Qd4 45. Qf3 d2 46. Qd1 Rxf4 47. Rxf4+ Qxf4+ 48. Ke2 Qg4+ 49. Kxd2 Qxd1+ 50. Kxd1 Ke7 51. Ke2 Ke6 52. Kf3 Kf5 53. Ke3 Kxg5 0-1

[Event "Voronezh-ch"]
[Site "Voronezh"]
[Date "2010.03.15"]
[Round "7"]
[White "Lebedev, Alexander2222"]
[Black "Matveenko, Yury"]
[Result "1-0"]
[WhiteElo "2220"]
[BlackElo "2187"]
[PlyCount "65"]
[EventDate "2010.03.09"]
[EventType "swiss"]
[EventRounds "9"]
[EventCountry "RUS"]
[SourceTitle "CBM 135 Extra"]
[Source "ChessBase"]
[SourceDate "2010.05.04"]
[SourceVersion "1"]
[SourceVersionDate "2010.05.04"]
[SourceQuality "1"]

1. d4 b5 2. e4 Bb7 3. f3 a6 4. c4 b4 5. Be3 e6 6. a4 a5 7. Bd3 c5 8. d5 d6 9. Ne2 Nd7 10. 0-0 exd5 11. cxd5 Be7 12. Nd2 Ngf6 13. Nc4 0-0 14. Rc1 Nb6 15. Ng3 Nxc4 16. Bxc4 Nd7 17. Nf5 Nb6 18. Bb5 Bf6 19. Qe2 Bc8 20. g4 Bxf5 21. gxf5 Ra7 22. Kh1 Re7 23. Rf2 Nxd5 24. Bd2 Bxb2 25. Rg1 Bd4 26. Rfg2 Bxg1 27. Rxg1 Nc7 28. f6 Re6 29. Rxg7+ Kh8 30. e5 Rxe5 31. Rxh7+ Kxh7 32. Bd3+ Kh8 33. Qg2 1-0